Boj proti alkoholizmu

Podrobná bibliografia
Hlavný autor: Krasko, Ján, 1893-1967 (Autor)
Médium: Kniha
Jazyk:slovenčina
Fyzický popis:7, [1] s. 23 cm
Vydavateľské údaje: Bratislava Slovenský abst. sväz [1950]
Predmet:

MARC

LEADER 00000cam a2200000 a 4500
001 vtls008380594
003 SK-MaSNL
005 20260301221631.0
008 230403s1950 xo g 000 0 slo
015 |a SNBA19451955-005964 
035 |a SK01SNKBKSFS20010072811 
035 |a urn:nbn:sk:snk-am3ii5z 
035 |a 1DDD3E62-1A48-491E-9686-02B30C2D3185 
035 |a urn:nbn:sk:snk-am00ek2c 
035 |a SKM000075274 
040 |a SNK  |b slo  |c SNK  |e AACR2 
041 0 |a slo 
044 |a xo  |c SK 
080 |a 178.1  |2 1981 
100 1 |a Krasko, Ján,  |d 1893-1967  |4 aut  |9 155531 
245 1 0 |a Boj proti alkoholizmu  |c Ján Krasko 
260 |a Bratislava  |b Slovenský abst. sväz  |c [1950]  |e Bratislava  |f Práca 
300 |a 7, [1] s.  |c 23 cm 
500 |a Ob. tit. 
650 0 7 |a alkoholizmus  |2 SNKPH  |9 14184 
650 0 7 |a osveta  |2 SNKPH  |9 16992 
655 7 |a príručky  |2 SNKPH  |9 74364 
852 |a Slovenská národná knižnica 
954 |a odborná, vedecká literatúra pôvodná (slovenská)  |2 lita 
958 |a RK 
958 |a TL 
958 |a OND 
958 |a EUIPO 
999 |c 936751  |d 938681 
952 |a SNK  |b SNK  |y PREZ  |7 0  |p 17A0730858  |o snkSC 4306  |i snk1306/50  |0 0  |1 0  |4 0  |d 2018-11-22  |f 1  |l 0  |r 2025-06-25 00:00:00  |w 2026-02-24